000
00280nam a2200121Ia 4500
008
190902s9999||||xx |||||||||||||| ||und||
020
_a
007-123932-4
100
_a
Paul A. Samuelson
245
0
_a
Economics
260
_a
India
_b
The McGraw-Hill
_c
2005
300
_a
776
942
_c
BK
999
_c
2698
_d
2698